Szczegóły MARC21

Grundlagen des Rechnungswesens Bd.2, Kosten- und Leistungsrechnung /

005 -DATA I CZAS OSTATNIEJ MODYFIKACJI [,]
    • @
    • pole kontrolne
    • 20070315155141.9
040 -Instytucja sporządzająca opis [ , ]
    • a
    • Instytucja, która sporządziła opis (NP)
    • SZCZ U
    • c
    • Instytucja, która sporządziła rekord (NP)
    • SZCZ U
041 -Język dokumentu [0, ]
    • a
    • Język tekstu (P)
    • niemiecki
    • h
    • Język tekstu oryginalnego i/lub pośredniego (P)
    • niemiecki
942 -Rodzaj dokumentu [ , ]
    • c
    • Rodzaj dokumentu
    • Książka
100 -Hasło główne - nazwa osobowa [ , ]
    • a
    • Nazwa osobowa (NP)
    • WEDELL, HARALD
245 -Strefa tytułu i oznaczenia odpowiedzialności [1, ]
    • a
    • Tytuł
    • Grundlagen des Rechnungswesens Find
    • n
    • Oznaczenie części (P)
    • Bd.2,
    • p
    • Nazwa części (P)
    • Kosten- und Leistungsrechnung /
    • c
    • Pozostałe elementy strefy tytułu i oznaczenia odpowiedzialności (NP)
    • Harald Wedell.
250 -Strefa wydania [ , ]
    • a
    • Oznaczenie wydania (NP)
    • 9., überarb.Aufl.
260 -Strefa adresu wydawniczego [ , ]
    • a
    • Miejsce wydania (P)
    • Herne ; Berlin :
    • b
    • Nazwa wydawcy (P)
    • "Neue Wirtschafts-Briefe",
    • c
    • Data wydania (P)
    • 2004.
300 -Strefa opisu fizycznego [ , ]
    • a
    • Określenie formy książki i/lub objętość (NP)
    • 297 s :
    • b
    • Oznaczenie ilustracji (NP)
    • il :
    • c
    • Format (NP)
    • 21 cm.
490 -Strefa serii i książki wielotomowej - forma nie do wyszukiwania [0, ]
    • a
    • Tytuł (P)
    • (NWB-Studienbücher. Wirtschaftswissenschaften Find
500 -Uwaga ogólna [ , ]
    • a
    • Uwaga ogólna (NP)
    • Bibliogr.Ind
080 -Uniwersalna Klasyfikacja Dziesiętna [ , ]
    • a
    • Symbol klasyfikacji
    • 657.4=30
980 -Symbol UKD [ , ]
    • a
    • UKD
    • 657.4=30
Data inwentaryzacji Lokalizacja Status udost. Numer inwentarzowy Sygnatura
2005-05-17BE-6S.91857FUNDACJA POLSKO-NIEMIECKA
2005-05-17BE-6S.91858FUNDACJA POLSKO-NIEMIECKA
2005-05-17BE-2S.91859FUNDACJA POLSKO-NIEMIECKA